000 00933nam a22003137a 4500
001 240011
003 DO-SdBNP
005 20180131102229.0
007 240011
008 160315b 1993 sp xxu||||| |||| 00| 0 spa d
020 _a8448020014
040 _aBPMSU
_bspa
_cBPMSU
041 1 7 _aspa
_heng
092 _axxxx
_bxxxx
100 1 _aPackard, Edward
240 1 0 _aAlien invaders.
_lEspañol
245 _aLa invasión de los céfids /
_cEdward Packard ; ilustraciones Dave Cockrum ; traducción Elena Moreno Gutiérrez.
300 _a110 p. :
_bil. ;
_c18 cm.
490 1 _aHalcones del espacio
_v2
490 1 _aElige tu propia aventura
700 1 2 _aCockrum, Dave,
_eil.
700 _aMoreno Gutiérrez, Elena,
_etr.
830 0 _aHalcones del espacio ;
_n2
830 0 _aElige tu propia aventura
910 _a00260
942 _2ddc
_cBK
945 _aInventariado extraviado / 2018 VM
956 _2LOPEREZ
_310
999 _c9243
_d9243